| 000 | 00567nam a2200193 i 4500 | ||
|---|---|---|---|
| 001 | 30860 | ||
| 003 | ES-MaACL | ||
| 005 | 20230906154250.0 | ||
| 007 | t| | ||
| 008 | 030127s1921 ck ||||1| spa d | ||
| 100 | 1 |
_aBayona Posada, Daniel. _926718 |
|
| 245 | 1 | 0 |
_aPoesÃas / _cde Daniel Bayona Posada. |
| 260 |
_aBogotá : _b[s.n., _c1921] ( _fImp. Juan Casis) |
||
| 300 |
_aVII, 108 p. ; _c22 cm. |
||
| 490 | 1 |
_aBiblioteca sociedad arboleda ; _v1 |
|
| 830 | 0 |
_aBiblioteca sociedad arboleda ; _v1 _9229351 |
|
| 852 |
_aES-MaACL _jC-3310 |
||
| 999 |
_c30860 _d30860 |
||